[Event "Let`s play Standart Chess UNDER 1500"]
[Site "SchemingMind.com"]
[Date "2009.08.25"]
[Round "-"]
[White "darcey62"]
[Black "rao"]
[Result "0-1"]
[WhiteCountry "ENG"]
[BlackCountry "INT"]
[WhiteElo "1438"]
[WhiteRD "96"]
[BlackElo "1605"]
[BlackRD "82"]
[GameID "217281"]

1. e4 e5 2. Nf3 Nc6 3. Bb5 d6 4. h3 Nf6 5. d3 Bd7 6. c3 a6 7. Bc4 h6 8. b4 a5 9. b5 Na7 10. a4 Qe7
11. Be3 b6 12. Bd5 Nxd5 13. exd5 Bf5 14. c4 g5 15. g4 Bg6 16. h4 gxh4 17. Rxh4 Bg7 18. g5 hxg5 19. Rxh8+ Bxh8 20. Nxg5 O-O-O
21. Nd2 Bxd3 22. Rc1 Bf6 23. Qg4+ Kb8 24. Rc3 e4 25. Ndxe4 Bxc3+ 26. Nxc3 Rh8 27. Kd2 Bg6 28. Qg3 Qf6 29. Nf3 Qf5 30. Ne1 Rh1
31. Qf3 Rh3 32. Qe2 Nc8 33. f3 Bh5 34. Qf2 Bxf3 35. Nxf3 Rxf3 36. Qh4 Rh3 37. Qd4 Rh2+ 38. Ne2 Qb1 39. Qd3 Qa2+ 40. Ke1 Qxa4
41. Bd4 Rh1+ 42. Kf2 Qb4 43. Bc3 Qa3 44. Kg2 Rh4 45. Qf3 Qc5 46. Qxf7 Qxc4 47. Qf3 Qxb5 48. Nf4 Qc4 49. Kg3 Rh7 50. Nh5 Ne7
51. Nf6 Qh4+ 52. Kg2 Rg7+ 53. Kf1 Qc4+
0-1

[Event "Let`s play Standart Chess UNDER 1500"]
[Site "SchemingMind.com"]
[Date "2009.08.25"]
[Round "-"]
[White "valbolinao"]
[Black "rao"]
[Result "1-0"]
[WhiteCountry "PHI"]
[BlackCountry "INT"]
[WhiteElo "1699"]
[WhiteRD "113"]
[BlackElo "1455"]
[BlackRD "93"]
[GameID "217345"]

1. e4 e5 2. Nf3 Nc6 3. Bc4 h6 4. O-O Bc5 5. Nc3 d6 6. a3 Bg4 7. Be2 h5 8. h3 Be6 9. d3 f6 10. Nh4 Bf7
11. Be3 Nd4 12. Qd2 Ne7 13. Na4 Bb6 14. Nxb6 axb6 15. Bd1 Nec6 16. c3 Nb3 17. Bxb3 Bxb3 18. c4 Nd4 19. Bxd4 exd4 20. Nf5 Qd7
21. Nxd4 Ba4 22. b4 c5 23. Nf5 b5 24. Ne3 g5 25. f4 g4 26. Nd5 Qd8 27. Nc3 gxh3 28. g3 h4 29. Rf3 Qd7 30. f5 Qg7
31. Kh2 Qg4 32. Qf2 bxc4 33. Nd5 Kd8 34. dxc4 Qxe4 35. Nb6 Ra6 36. bxc5 dxc5 37. Re1 Qd4 38. Ree3 Kc7 39. Nxa4 Rxa4 40. Re7+ Kb8
41. Qe2 Rxc4 42. Rd3= Qa1 43. Ree3 Rc1 44. Re8+ Ka7 45. Kxh3 Rh1+ 46. Kg4 hxg3 47. Rxg3 R8h4+ 48. Kf3 Rf1+ 49. Kg2 Rg1+ 50. Kf3 Qxa3+
51. Re3 Rxg3+ 52. Kxg3 Qb4 53. Qa2+ Kb8 54. Re8+ Kc7 55. Qf7+ Kb6 56. Qxf6+ Kb5 57. Qxh4 Qc3+ 58. Kg2 Qd2+ 59. Kg1 Qc1+ 60. Re1 Qb2
61. f6
1-0

[Event "Let`s play Standart Chess UNDER 1500"]
[Site "SchemingMind.com"]
[Date "2009.08.25"]
[Round "-"]
[White "valbolinao"]
[Black "saxondom"]
[Result "1-0"]
[WhiteCountry "PHI"]
[BlackCountry "HUN"]
[WhiteElo "1553"]
[WhiteRD "149"]
[BlackElo "1205"]
[BlackRD "101"]
[GameID "217346"]

1. d4 f5 2. c4 e6 3. Nf3 Nf6 4. a3 Be7 5. Nc3 Nc6 6. e3 d6 7. Be2 d5 8. O-O Na5 9. Ne5 O-O 10. b4 Ne4
11. Nxe4 fxe4 12. bxa5 c6 13. Bd2 b6 14. Nxc6 Qc7 15. Nxe7+ Qxe7 16. Bb4 Qe8 17. Bxf8 Qxf8 18. cxd5 exd5 19. f3 a6 20. fxe4 dxe4
21. Bc4+ Kh8 22. Rxf8#
1-0

[Event "Let`s play Standart Chess UNDER 1500"]
[Site "SchemingMind.com"]
[Date "2009.08.25"]
[Round "-"]
[White "valbolinao"]
[Black "maro"]
[Result "1-0"]
[WhiteCountry "PHI"]
[BlackCountry "MEX"]
[WhiteElo "1377"]
[WhiteRD "221"]
[BlackElo "1292"]
[BlackRD "48"]
[GameID "217347"]

1. e4 e5 2. Bc4 Bc5 3. Nf3 Qf6 4. Nc3 d6 5. a3 Bg4 6. Nd5 Bxf2+ 7. Kxf2 Qd8 8. Rf1 c6 9. Ne3 Qb6 10. Kg1 Ne7
11. Bxf7+ Kxf7 12. Nxe5+ Ke8 13. Nxg4 Nd7 14. d4 h5 15. Nf2 g6 16. b4 Qb5 17. c4 Qg5 18. Nd5 Qh4 19. Nc7+ Kf7 20. Nxa8 Rxa8
21. g3
1-0

[Event "Let`s play Standart Chess UNDER 1500"]
[Site "SchemingMind.com"]
[Date "2009.08.25"]
[Round "-"]
[White "valbolinao"]
[Black "Carl Lenox"]
[Result "1-0"]
[WhiteCountry "PHI"]
[BlackCountry "CAN"]
[WhiteElo "1553"]
[WhiteRD "149"]
[BlackElo "1263"]
[BlackRD "72"]
[GameID "217348"]

1. d4 Nf6 2. c4 e6 3. Nf3 c5 4. Nc3 cxd4 5. Nxd4 d5 6. Bf4 Bd6 7. Bxd6 Qxd6 8. e3 e5 9. Ndb5 Qc5 10. cxd5 Bg4
11. Be2 Qe7 12. Bxg4 Qb4 13. Nc7+ Ke7 14. O-O Nbd7 15. Nxa8 Rxa8 16. Bxd7 Nxd7 17. Qe2 Kf8 18. a3 Qe7 19. Rad1 Rd8 20. e4 a6
21. f4 b5 22. d6 Qe6 23. Nd5 Qxd6 24. Qf3 Qc5+ 25. Kh1 Qc2 26. b4 Nf6 27. fxe5 Nxe4 28. Qxf7#
1-0

[Event "Let`s play Standart Chess UNDER 1500"]
[Site "SchemingMind.com"]
[Date "2009.08.28"]
[Round "-"]
[White "valbolinao"]
[Black "BigDaddy"]
[Result "1-0"]
[WhiteCountry "PHI"]
[BlackCountry "AUT"]
[WhiteElo "1669"]
[WhiteRD "117"]
[BlackElo "1265"]
[BlackRD "64"]
[GameID "217349"]

1. e4 e5 2. Bc4 Nf6 3. Nf3 Nc6 4. d3 Bc5 5. Bg5 h6 6. Bh4 g5 7. Bg3 d6 8. Nc3 Ng4 9. Nd5 f6 10. h3 Nxf2
11. Bxf2 Bxf2+ 12. Kxf2 a6 13. a4 Be6 14. Rf1 Qd7 15. Nxf6+ Ke7 16. Nxd7 Bxd7 17. Kg1 Rhf8 18. Nh2 Be6 19. Bxe6 Kxe6 20. Qh5 Rh8
21. Qf7#
1-0

[Event "Let`s play Standart Chess UNDER 1500"]
[Site "SchemingMind.com"]
[Date "2009.08.25"]
[Round "-"]
[White "valbolinao"]
[Black "darcey62"]
[Result "1-0"]
[WhiteCountry "PHI"]
[BlackCountry "ENG"]
[WhiteElo "1669"]
[WhiteRD "117"]
[BlackElo "1438"]
[BlackRD "96"]
[GameID "217350"]

1. e4 e5 2. Bc4 d6 3. Nf3 h6 4. Nc3 c6 5. d4 exd4 6. Nxd4 c5 7. Nde2 a6 8. a4 Nc6 9. O-O Ne5 10. Bd5 g5
11. Ng3 h5 12. Be3 g4 13. Bf4 Ng6 14. Qd2 Nf6 15. Rfe1 Be7 16. Bc4 Be6 17. Nd5 Ne5 18. Bxe5 dxe5 19. Nxf6+ Bxf6 20. Qe2 h4
21. Nf5 Bxf5 22. exf5 Rg8 23. Rad1 Qc8 24. Rd6 Qxf5 25. Bd3 Qg5 26. Be4 g3 27. fxg3 hxg3 28. hxg3 Rb8 29. Qf3 Be7 30. Rb6 Qg4
31. c4 Qxf3 32. Bxf3 f6 33. Kf2 Rd8 34. Bxb7 a5 35. Rb5 Rd2+ 36. Ke3 Rd4 37. Bc6+ Kf8 38. Rb8+ Bd8 39. Bd5 Rxg3+ 40. Kf2 Rgd3
41. Rxd8+ Ke7 42. Ra8
1-0

[Event "Let`s play Standart Chess UNDER 1500"]
[Site "SchemingMind.com"]
[Date "2009.08.26"]
[Round "-"]
[White "rao"]
[Black "valbolinao"]
[Result "0-1"]
[WhiteCountry "INT"]
[BlackCountry "PHI"]
[WhiteElo "1455"]
[WhiteRD "93"]
[BlackElo "1699"]
[BlackRD "113"]
[GameID "217351"]

1. e4 e5 2. Nf3 d6 3. Bc4 Be7 4. d3 Nd7 5. Nc3 c6 6. Bd2 Nb6 7. Bb3 d5 8. Nxe5 Nf6 9. h3 O-O 10. O-O Bd6
11. Bf4 d4 12. Ne2 c5 13. Ng3 Qe7 14. Nxf7 Rxf7 15. Bxf7+ Kxf7 16. Bg5 h6 17. Bxf6 Qxf6 18. Qh5+ Kg8 19. a4 Be6 20. b3 Nd7
21. Rfe1 Rf8 22. Qe2 g6 23. Nf1 Qg5 24. Ng3 Bxg3 25. fxg3 Qxg3 26. Rf1 Bxh3 27. Rxf8+ Nxf8 28. Rf1 Bg4 29. Qd2 Qe3+ 30. Qxe3 dxe3
31. Re1 e2 32. Kf2 Ne6 33. Kg3 h5 34. c3 Kf7 35. b4 cxb4 36. cxb4 Nd4 37. b5 Nc2 38. Kf2 Nxe1 39. Kxe1 Ke6 40. d4 b6
41. Kf2 h4 42. Ke1 g5 43. Kf2 Kd6 44. Ke1= Be6 45. Kxe2 Bb3 46. Kf3 Bxa4 47. Kg4 Bxb5 48. Kxg5 Bf1 49. Kxh4 Bxg2 50. e5+ Ke6
51. Kg4 a5 52. Kg3 a4 53. Kxg2 a3 54. Kf3 a2 55. Ke4 a1=Q 56. d5+ Ke7 57. d6+ Kd7 58. Kd5 Qa2+ 59. Ke4 Ke6 60. d7 Qd5+
0-1

[Event "Let`s play Standart Chess UNDER 1500"]
[Site "SchemingMind.com"]
[Date "2009.08.26"]
[Round "-"]
[White "saxondom"]
[Black "valbolinao"]
[Result "0-1"]
[WhiteCountry "HUN"]
[BlackCountry "PHI"]
[WhiteElo "1205"]
[WhiteRD "101"]
[BlackElo "1553"]
[BlackRD "149"]
[GameID "217352"]

1. e4 e5 2. f4 exf4 3. Nf3 Bc5 4. d4 Bb6 5. Bxf4 d6 6. Bc4 h6 7. c3 Nf6 8. Bb5+ Bd7 9. Qb3 O-O 10. h4 Nxe4
11. Bc4 Ng3 12. Bxf7+ Rxf7 13. Rh3 Bxh3 14. gxh3 Nf5 15. h5 Kf8 16. Nbd2 Nh4 17. Bg3 Nxf3+ 18. Nxf3 Rxf3 19. Qd1 Rxg3 20. Ke2 Qe7+
21. Kd2 Qe3+ 22. Kc2 a5 23. Qd3 Rg2+
0-1

[Event "Let`s play Standart Chess UNDER 1500"]
[Site "SchemingMind.com"]
[Date "2009.08.26"]
[Round "-"]
[White "maro"]
[Black "valbolinao"]
[Result "1-0"]
[WhiteCountry "MEX"]
[BlackCountry "PHI"]
[WhiteElo "1292"]
[WhiteRD "48"]
[BlackElo "1377"]
[BlackRD "221"]
[GameID "217353"]

1. c4 Nf6 2. d4 d5 3. c5 c6 4. Bf4 Nbd7 5. Nf3 b6 6. b4 e6 7. Ne5 Be7 8. Nxc6 O-O 9. Nxd8 Bxd8 10. c6 Be7
11. cxd7 Bxd7 12. a3 a5 13. Be5 Bxb4+ 14. axb4 Ne8 15. e3 f6 16. Bf4 h6 17. Nc3 Rc8 18. Na4 axb4 19. Nxb6 Rd8 20. Nxd7 Rxd7
21. Bb5 Re7 22. Ra8 e5 23. dxe5 fxe5 24. Qxd5+
1-0

[Event "Let`s play Standart Chess UNDER 1500"]
[Site "SchemingMind.com"]
[Date "2009.08.26"]
[Round "-"]
[White "Carl Lenox"]
[Black "valbolinao"]
[Result "0-1"]
[WhiteCountry "CAN"]
[BlackCountry "PHI"]
[WhiteElo "1276"]
[WhiteRD "66"]
[BlackElo "1669"]
[BlackRD "117"]
[GameID "217354"]

1. e4 e5 2. Nf3 d6 3. d4 exd4 4. Nxd4 Be7 5. Nc3 Nf6 6. Bf4 a6 7. a4 c5 8. Nf3 Nc6 9. Bc4 O-O 10. O-O Nh5
11. Qd2 Nxf4 12. Qxf4 Bf6 13. Rad1 Ne5 14. Nd2 Bg5 15. Qg3 Bxd2 16. Rxd2 Nxc4 17. Rd5 Be6 18. Rg5 g6 19. Rd1 Qe7 20. b3 Ne5
21. f4 h6 22. Rh5 Kh7 23. Rh4 Nc6 24. Qf3 Qxh4 25. Rxd6 Qe1+ 26. Qf1 Qxc3 27. Qc1 Nd4 28. Qf1 Rad8 29. e5 Rxd6 30. exd6 Nxc2
31. Qe2 Qe1+ 32. Qxe1 Nxe1 33. Kf2 Bxb3 34. Kxe1 Rd8 35. Kd2 Rxd6+ 36. Ke3 Bxa4 37. Ke4 Bc6+ 38. Ke5 Rd4
0-1

[Event "Let`s play Standart Chess UNDER 1500"]
[Site "SchemingMind.com"]
[Date "2009.08.25"]
[Round "-"]
[White "BigDaddy"]
[Black "valbolinao"]
[Result "0-1"]
[WhiteCountry "AUT"]
[BlackCountry "PHI"]
[WhiteElo "1265"]
[WhiteRD "64"]
[BlackElo "1669"]
[BlackRD "117"]
[GameID "217355"]

1. e4 c5 2. Nf3 Nc6 3. d4 cxd4 4. Nxd4 e5 5. Nf3 Be7 6. Nc3 Nf6 7. Bc4 O-O 8. O-O d6 9. Bd2 Bd7 10. Rb1 Na5
11. Qe2 Rc8 12. b3 Nxc4 13. bxc4 b6 14. h3 Be6 15. Bg5 Bxc4 16. Qd1 Bxf1 17. Kxf1 Rxc3 18. Bd2 Rc4 19. Rb4 Rxb4 20. Bxb4 Nxe4
21. Nd2 Nxd2+ 22. Qxd2 a5 23. Bc3 d5 24. Bxe5 Bc5 25. Qg5 Qxg5
0-1

[Event "Let`s play Standart Chess UNDER 1500"]
[Site "SchemingMind.com"]
[Date "2009.08.26"]
[Round "-"]
[White "darcey62"]
[Black "valbolinao"]
[Result "0-1"]
[WhiteCountry "ENG"]
[BlackCountry "PHI"]
[WhiteElo "1438"]
[WhiteRD "96"]
[BlackElo "1669"]
[BlackRD "117"]
[GameID "217356"]

1. e4 c5 2. Bc4 Nc6 3. d3 e5 4. Nf3 Be7 5. Be3 d6 6. h3 Bd7 7. Ng5 Bxg5 8. Qf3 Nh6 9. Nc3 O-O 10. g4 Bxe3
11. Qxe3 Nd4 12. Rc1 Qh4 13. Kd2 Be6 14. g5 Qxg5 15. Qxg5 Nf3+ 16. Ke3 Nxg5 17. h4 Nh3 18. Bxe6 fxe6 19. Rxh3 Ng4+ 20. Kd2 Rxf2+
21. Ne2 Raf8 22. Rhh1 b5 23. Rce1 Rh2 24. Kc3 Rxh1 25. Rxh1 b4+ 26. Kb3 d5 27. Rg1 h5 28. c4 Rf3 29. exd5 exd5 30. cxd5 Rxd3+
31. Kc4 Rd2 32. Ng3 Ne3+ 33. Kxc5 Rxd5+ 34. Kxb4 Rd4+ 35. Kc3 Rxh4 36. Kd2 Ng4 37. Nxh5 Rxh5 38. Rxg4 Kf7 39. Ra4 g5 40. Rxa7+ Kf6
41. b4 g4 42. b5 g3
0-1

[Event "Let`s play Standart Chess UNDER 1500"]
[Site "SchemingMind.com"]
[Date "2009.08.25"]
[Round "-"]
[White "hlbcob"]
[Black "rao"]
[Result "0-1"]
[WhiteCountry "USA"]
[BlackCountry "INT"]
[WhiteElo "1383"]
[WhiteRD "84"]
[BlackElo "1605"]
[BlackRD "82"]
[GameID "217410"]

1. d4 d5 2. c4 dxc4 3. Qa4+ Nc6 4. Qxc4 Qxd4 5. e3 Qd6 6. Be2 Be6 7. Qc2 Nf6 8. Nf3 Rd8 9. a3 Bd5 10. O-O Qe6
11. Nc3 Bxf3 12. Bxf3 g6 13. b4 Ne5 14. Bxb7 Bg7 15. Be4 Nxe4 16. Nxe4 Nf3+ 17. gxf3 Bxa1 18. Qxc7 O-O 19. Nc5 Qf6 20. f4 Qh4
21. Qxa7 Qg4+ 22. Kh1 Bf6 23. Qa6 Rd1 24. Qc4 Bh4 25. Rxd1 Qxd1+ 26. Kg2 Qe1 27. Qc2 Rd8 28. b5 Rd1 29. Bb2 h5 30. a4 Qg1+
31. Kf3 Qg4+ 32. Ke4 f5+ 33. Ke5 Bf6+
0-1

[Event "Let`s play Standart Chess UNDER 1500"]
[Site "SchemingMind.com"]
[Date "2009.08.26"]
[Round "-"]
[White "hlbcob"]
[Black "saxondom"]
[Result "1-0"]
[WhiteCountry "USA"]
[BlackCountry "HUN"]
[WhiteElo "1407"]
[WhiteRD "83"]
[BlackElo "1151"]
[BlackRD "91"]
[GameID "217411"]

1. d4 g6 2. e4 Bg7 3. Nf3 d6 4. Be2 Nf6 5. h3 Nxe4 6. Bd3 f5 7. c4 Nc6 8. Be3 e5 9. O-O exd4 10. Bxe4 Be6
11. Bxc6+ bxc6 12. Bxd4 Bxc4 13. Bxg7 Rg8 14. Re1+ Kf7 15. Bc3 c5 16. Nbd2 d5 17. Nxc4 dxc4 18. Qe2 Re8 19. Qxc4+ Kf8 20. Qxc5+ Qd6
21. Bd4 Qxc5 22. Bxc5+ Kf7 23. Rxe8 Rxe8 24. Re1 Rxe1+ 25. Nxe1 a5 26. Kf1 Ke6 27. Ke2 Kd5 28. Be3 Ke5 29. Kd3 Kd5 30. Nf3 Ke6
31. Kc4 Kf6 32. Kb5 g5 33. Kc6 f4 34. Bd4+ Kf5 35. Kxc7 Ke4 36. Bb6 a4 37. Kc6 Kf5 38. Kb5 h5 39. Kxa4 g4 40. hxg4+ hxg4
41. Nd2 Kg5 42. b4 Kf5 43. b5 Kg5 44. Bd8+ Kh5 45. b6
1-0

[Event "Let`s play Standart Chess UNDER 1500"]
[Site "SchemingMind.com"]
[Date "2009.08.25"]
[Round "-"]
[White "hlbcob"]
[Black "maro"]
[Result "1-0"]
[WhiteCountry "USA"]
[BlackCountry "MEX"]
[WhiteElo "1401"]
[WhiteRD "95"]
[BlackElo "1331"]
[BlackRD "48"]
[GameID "217412"]

1. d4 d5 2. c4 e5 3. dxe5 d4 4. Nf3 Nc6 5. b3 Bb4+ 6. Bd2 Qe7 7. g3 Bg4 8. Bg2 Rd8 9. O-O d3 10. Bxb4 Nxb4
11. e3 Qe6 12. Nc3 d2 13. a3 Bxf3 14. Qxf3 Qxe5 15. Qe4 Qxe4 16. Bxe4 Nf6 17. Bf3 O-O 18. axb4 a6 19. Bxb7 Rfe8 20. Bxa6 Ne4
21. Nxe4 Rxe4 22. Bb7
1-0

[Event "Let`s play Standart Chess UNDER 1500"]
[Site "SchemingMind.com"]
[Date "2009.08.28"]
[Round "-"]
[White "hlbcob"]
[Black "Carl Lenox"]
[Result "0-1"]
[WhiteCountry "USA"]
[BlackCountry "CAN"]
[WhiteElo "1383"]
[WhiteRD "84"]
[BlackElo "1276"]
[BlackRD "66"]
[GameID "217413"]

1. e4 c5 2. Nf3 d6 3. d4 cxd4 4. Nxd4 Nf6 5. Bc4 e6 6. Bg5 Be7 7. O-O O-O 8. Nc3 Bd7 9. Re1 Nc6 10. Bxf6 Bxf6
11. Nxc6 Bxc6 12. Qd2 a6 13. Rad1 Re8 14. Qxd6 b5 15. Qxd8 Bxd8 16. Bd3 Bb6 17. Kh1 Bxf2 18. Rf1 Bd4 19. Be2 Rad8 20. Bd3 b4
21. Ne2 Bxb2 22. Rb1 Bf6 23. Rxb4 a5 24. Rbb1 Bd7 25. Bb5 e5 26. Bxd7 Rxd7 27. Rfd1 Rc7 28. c3 Bh4 29. Rd5 Rc4 30. Rxa5 Rxe4
31. Ng1 Bf2 32. Nf3 f6 33. Nd2 Rh4 34. h3 Rd8 35. Kh2 Rxd2 36. Rc1 e4
0-1

[Event "Let`s play Standart Chess UNDER 1500"]
[Site "SchemingMind.com"]
[Date "2009.08.28"]
[Round "-"]
[White "hlbcob"]
[Black "BigDaddy"]
[Result "1-0"]
[WhiteCountry "USA"]
[BlackCountry "AUT"]
[WhiteElo "1407"]
[WhiteRD "83"]
[BlackElo "1289"]
[BlackRD "60"]
[GameID "217414"]

1. e4 e5 2. Nf3 Nc6 3. Bb5 a6 4. Ba4 b5 5. Bb3 d6 6. O-O Bg4 7. c3 g6 8. Na3 Nf6 9. Re1 Qe7 10. Nc2 Bxf3
11. Qxf3 Bg7 12. Ne3 O-O 13. Nd5 Qd7 14. d3 Qg4 15. Nxc7 Rac8 16. Qxg4 h5 17. Qe2 Rxc7 18. h3 Ra8 19. Kh2 Na5 20. Bc2 Nc6
21. Be3 Rb8 22. f4 Bh6 23. fxe5 dxe5 24. Bxh6 Re8 25. Qe3 b4 26. Qb6 Rcc8 27. Qxa6 Kh7 28. Bg5 Nd7 29. Qb5 f6 30. Bh4 g5
31. Bf2 h4 32. Ba4 Rb8 33. Qxc6 Red8 34. Qe6 Nc5 35. Qf5+ Kg7 36. Bc2 bxc3 37. bxc3 Rb2 38. Rab1 Rxc2 39. Bxc5 Rxd3 40. Rb7+ Kh6
41. Qh7#
1-0

[Event "Let`s play Standart Chess UNDER 1500"]
[Site "SchemingMind.com"]
[Date "2009.08.25"]
[Round "-"]
[White "hlbcob"]
[Black "darcey62"]
[Result "0-1"]
[WhiteCountry "USA"]
[BlackCountry "ENG"]
[WhiteElo "1401"]
[WhiteRD "95"]
[BlackElo "1681"]
[BlackRD "115"]
[GameID "217415"]

1. e4 e5 2. Nf3 d6 3. Bc4 h6 4. O-O a6 5. Re1 Nc6 6. Nc3 Nf6 7. d3 Bg4 8. h3 Bxf3 9. Qxf3 Nd4 10. Qd1 c6
11. Be3 a5 12. a3 b5 13. Bxd4 exd4 14. Bxb5 cxb5 15. Nxb5 Qb6 16. a4 Nd7 17. b3 Be7 18. f4 Qc5 19. Rc1 O-O 20. Kh1 Nf6
21. c3 dxc3 22. Rxc3 Qh5 23. Qxh5 Nxh5 24. Kh2 Nxf4 25. d4 d5 26. e5 Bb4 27. Rc2 Bxe1
0-1

[Event "Let`s play Standart Chess UNDER 1500"]
[Site "SchemingMind.com"]
[Date "2009.08.26"]
[Round "-"]
[White "hlbcob"]
[Black "valbolinao"]
[Result "1/2-1/2"]
[WhiteCountry "USA"]
[BlackCountry "PHI"]
[WhiteElo "1383"]
[WhiteRD "84"]
[BlackElo "1669"]
[BlackRD "117"]
[GameID "217416"]

1. d4 d5 2. c4 c6 3. cxd5 cxd5 4. Bf4 Nc6 5. e3 Nf6 6. h3 Bf5 7. Nc3 a6 8. Bd3 Bxd3 9. Qxd3 e6 10. Nf3 Be7
11. O-O Nb4 12. Qd2 O-O 13. a3 Nc6 14. Rfc1 Nh5 15. Bh2 f5 16. b4 Rc8 17. b5 axb5 18. Nxb5 g6 19. Qb2 Nf6 20. Nd2 Ne4
21. Nxe4 fxe4 22. Bf4 Qd7 23. a4 Nb4 24. Rxc8 Rxc8 25. Bg3 b6 26. Rc1 Nd3 27. Rxc8+ Qxc8 28. Qb1 Qc1+ 29. Qxc1 Nxc1 30. Bd6 Bd8=
1/2-1/2

[Event "Let`s play Standart Chess UNDER 1500"]
[Site "SchemingMind.com"]
[Date "2009.08.25"]
[Round "-"]
[White "rao"]
[Black "hlbcob"]
[Result "1-0"]
[WhiteCountry "INT"]
[BlackCountry "USA"]
[WhiteElo "1605"]
[WhiteRD "82"]
[BlackElo "1383"]
[BlackRD "84"]
[GameID "217417"]

1. e4 c5 2. Bc4 Nf6 3. d3 d6 4. h3 g6 5. Qf3 Bg7 6. Bg5 O-O 7. Nc3 Nbd7 8. Nge2 a6 9. a4 Qa5 10. O-O Ne5
11. Qe3 Nxc4 12. dxc4 e5 13. b3 Ne8 14. Nd5 Be6 15. Ne7+ Kh8 16. Bh6 Qc7 17. Bg5 f6 18. Nxg6+ hxg6 19. Bh6 Bxh6 20. Qxh6+ Kg8
21. Qxg6+ Qg7 22. Qh5 Bf7 23. Qf5 Qg6 24. Qf3 Nc7 25. Ng3 Ne6 26. Nf5 Rfe8 27. Nxd6 Re7 28. Rad1 Nd4 29. Qc3 Rd8 30. Nf5 Red7
31. Qa5 Ne6 32. Qb6 Rxd1 33. Ne7+
1-0

[Event "Let`s play Standart Chess UNDER 1500"]
[Site "SchemingMind.com"]
[Date "2009.08.26"]
[Round "-"]
[White "saxondom"]
[Black "hlbcob"]
[Result "0-1"]
[WhiteCountry "HUN"]
[BlackCountry "USA"]
[WhiteElo "1239"]
[WhiteRD "102"]
[BlackElo "1383"]
[BlackRD "84"]
[GameID "217418"]

1. e4 e5 2. f4 exf4 3. Nf3 g5 4. h4 g4 5. Ne5 h5 6. d3 b5 7. Bxf4 Bd6 8. Bg5 f6 9. Ng6 Rh7 10. Be3 Ne7
11. Nxe7 Qxe7 12. Be2 Bb7 13. c3 Bg3+ 14. Bf2 Qe5 15. d4 Bxf2+ 16. Kxf2 Qxe4 17. Qd3 Qxg2+ 18. Ke3 Re7+ 19. Kd2 Qxh1 20. Qg6+ Kd8
21. Qg8+ Re8 22. Qf7 Qxh4 23. Kc2 Rxe2+ 24. Nd2 c6 25. Qf8+ Kc7 26. Rf1 Na6 27. Qxf6 Qxf6 28. Rxf6 Rh8 29. Kd3 Re6 30. Rf5 Rg6
31. Ne4 g3 32. c4 g2
0-1

[Event "Let`s play Standart Chess UNDER 1500"]
[Site "SchemingMind.com"]
[Date "2009.08.25"]
[Round "-"]
[White "maro"]
[Black "hlbcob"]
[Result "0-1"]
[WhiteCountry "MEX"]
[BlackCountry "USA"]
[WhiteElo "1331"]
[WhiteRD "48"]
[BlackElo "1401"]
[BlackRD "95"]
[GameID "217419"]

1. c4 e5 2. d4 exd4 3. Qxd4 Nc6 4. Qd5 Nf6 5. Qd3 Be7 6. Nf3 O-O 7. Bd2 d5 8. cxd5 Qxd5 9. Qxd5 Nxd5 10. e4 Ndb4
11. a3 Nc2+ 12. Kd1 Nxa1 13. b4 Rd8 14. Nc3 Nb3 15. b5 Nxd2 16. Nxd2 Nd4 17. a4 Nb3 18. Nb1 Bb4 19. Kc2 Nxd2 20. Nxd2 Rxd2+
21. Kb3 Ba5
0-1

[Event "Let`s play Standart Chess UNDER 1500"]
[Site "SchemingMind.com"]
[Date "2009.08.29"]
[Round "-"]
[White "Carl Lenox"]
[Black "hlbcob"]
[Result "1-0"]
[WhiteCountry "CAN"]
[BlackCountry "USA"]
[WhiteElo "1276"]
[WhiteRD "66"]
[BlackElo "1383"]
[BlackRD "84"]
[GameID "217420"]

1. e4 e5 2. Nf3 Nc6 3. Bb5 a6 4. Ba4 Nf6 5. O-O Be7 6. Re1 b5 7. Bb3 d6 8. Ng5 Be6 9. Bxe6 fxe6 10. Nxe6 Qd7
11. Nxg7+ Kf7 12. Nf5 Bf8 13. Nh6+ Bxh6 14. b3 Rhg8 15. d3 Bxc1 16. Qxc1 b4 17. Qe3 Nd4 18. c3 bxc3 19. Qc1 c5 20. Qxc3 Qb5
21. Nd2 Rg7 22. a4 Qb7 23. Rab1 a5 24. Nc4 Nc6 25. Nxd6+
1-0

[Event "Let`s play Standart Chess UNDER 1500"]
[Site "SchemingMind.com"]
[Date "2009.08.29"]
[Round "-"]
[White "BigDaddy"]
[Black "hlbcob"]
[Result "1/2-1/2"]
[WhiteCountry "AUT"]
[BlackCountry "USA"]
[WhiteElo "1289"]
[WhiteRD "60"]
[BlackElo "1407"]
[BlackRD "83"]
[GameID "217421"]

1. e4 c6 2. d4 d5 3. Nc3 dxe4 4. Nxe4 e6 5. c3 Be7 6. Nf3 Nf6 7. Bd3 O-O 8. O-O Nbd7 9. Bg5 Nb6 10. Bxf6 Bxf6
11. Nxf6+ Qxf6 12. Qd2 Nd5 13. h3 Bd7 14. Ng5 g6 15. Ne4 Qe7 16. Qg5 Qxg5 17. Nxg5 Rac8 18. Be4 Rfe8 19. Rfe1 f5 20. Bf3 b5
21. Bxd5 exd5 22. Rxe8+ Rxe8 23. b4 Re2 24. Nf3 Rc2 25. Ne5 Be8 26. a3 Rxc3 27. a4 a6 28. axb5 axb5 29. Ra8 Kf8 30. f4 Ke7=
31. Ra7+ Kd6 32. h4=
1/2-1/2

[Event "Let`s play Standart Chess UNDER 1500"]
[Site "SchemingMind.com"]
[Date "2009.08.25"]
[Round "-"]
[White "darcey62"]
[Black "hlbcob"]
[Result "0-1"]
[WhiteCountry "ENG"]
[BlackCountry "USA"]
[WhiteElo "1438"]
[WhiteRD "96"]
[BlackElo "1383"]
[BlackRD "84"]
[GameID "217422"]

1. e4 c5 2. Bc4 d6 3. h3 Nf6 4. d3 e6 5. Bg5 Be7 6. Nc3 O-O 7. Qf3 Nc6 8. Nge2 Re8 9. g4 Qa5 10. Bxf6 Bxf6
11. Kd2 Bd4 12. Nxd4 Nxd4 13. Qd1 Bd7 14. a4 a6 15. Kc1 b5 16. Bb3 Rec8 17. Ne2 Nxb3+ 18. cxb3 e5 19. f4 Qc7 20. f5 Bc6
21. a5 Rf8 22. h4 Rad8 23. Ng3 b4 24. g5 d5 25. Qe2 dxe4 26. dxe4 Rd7 27. Qxa6 Rb8 28. Qe2 Ra8 29. a6 Qc8 30. h5 Rda7
31. Kc2 Rxa6 32. Rxa6 Qxa6 33. Rd1 Qxe2+ 34. Nxe2 Bxe4+
0-1

[Event "Let`s play Standart Chess UNDER 1500"]
[Site "SchemingMind.com"]
[Date "2009.08.26"]
[Round "-"]
[White "valbolinao"]
[Black "hlbcob"]
[Result "1-0"]
[WhiteCountry "PHI"]
[BlackCountry "USA"]
[WhiteElo "1553"]
[WhiteRD "149"]
[BlackElo "1401"]
[BlackRD "95"]
[GameID "217423"]

1. e4 c6 2. c4 d6 3. Nc3 Nf6 4. d4 g6 5. Be3 Bg7 6. Be2 O-O 7. Qc2 Re8 8. Bf3 e5 9. d5 cxd5 10. cxd5 Bd7
11. Nge2 Na6 12. a3 Qc7 13. Qd2 Rec8 14. O-O Rab8 15. Rac1 b6 16. Nb5 Nc5 17. Nxc7
1-0